| 000 | 00634cam a2200217 4500 | ||
|---|---|---|---|
| 008 | 090401t1989 xxu||||| |||| 00| 0 eng d | ||
| 020 | _a0860173070 | ||
| 035 | _a(Sirsi) u50323 | ||
| 041 | _aeng | ||
| 050 | _a364.164 | ||
| 100 | _aWallace, J. | ||
| 245 | _aGraffiti removal and control | ||
| 260 |
_aLondon _bConstruction Industry Research and Infor _c1989 |
||
| 300 | _a31p., 2p. of plates : ill. ; 30cm. | ||
| 350 | _a0 | ||
| 490 |
_aCIRIA Special Publication _v71 |
||
| 520 | _aAlso published as Department of Education and Science Design Note 48 q.v. | ||
| 700 | _aWhitehead, C. | ||
| 942 | _n0 | ||
| 948 | _c04/03/1997 | ||
| 999 |
_c92691 _d92691 |
||